000 00971nam0a22002531 4500
001 rc\922525
005 20250622043540.0
035 _a(NLR Aleph) 006096395
090 _a5212747
_c5212747
100 _a20041129d1982 |||y0rusy50 ca
101 0 _arus
102 _aRU
105 _ay |||||||||
200 1 _aСтатистика основных фондов и производственного оборудования
_eУчеб. пособие для студентов спец. 1745, 1746, 1747, 1751, 2035, 0646 (пром-сть)
210 _aМ.
_cМИУ
_d1982
215 _a16 с.
_d20
300 _aВ надзаг.: Моск. ин-т управления им. Серго Орджоникидзе
320 _aБиблиогр. в конце кн. (11 назв.)
700 1 _aЕфимова
_bМ.Р.
_gМарина Романовна
801 0 _aRU
_bNLR
_gpsbo
801 1 _aRU
_bELAR
_2rusmarc
852 _aNLR
_j82-4/27496
942 _cBOOK
980 _aNB